书目信息 |
| 题名: |
农业机械学
|
|
| 作者: | 李宝筏 主编 | |
| 分册: | ||
| 出版信息: | 北京 中国农业出版社 2018 |
|
| 页数: | 10,473页 | |
| 开本: | 26cm | |
| 丛书名: | ||
| 单 册: | ||
| 中图分类: | S22 | |
| 科图分类: | ||
| 主题词: | 农业机械--高等学校--教材 | |
| 电子资源: | ||
| ISBN: | 978-7-109-23840-4 | |
| 000 | 00966nam0 2200253 450 | |
| 001 | 012001005370 | |
| 005 | 20191213103434.39 | |
| 010 | @a978-7-109-23840-4@dCNY59.50 | |
| 100 | @a20181010d2018 em y0chiy50 ea | |
| 101 | 0 | @achi |
| 102 | @aCN@b110000 | |
| 105 | @aa z 000yy | |
| 106 | @ar | |
| 200 | 1 | @a农业机械学@9nong ye ji xie xue@f李宝筏主编 |
| 205 | @a2版 | |
| 210 | @a北京@c中国农业出版社@d2018 | |
| 215 | @a10,473页@c图@d26cm | |
| 300 | @a普通高等教育农业部“十二五”规划教材 全国高等农林院校“十二五”规划教材 全国高等农业院校优秀教材 辽宁省精品教材 中国农业教育在线数字课程配套教材 | |
| 330 | @a本书分两篇:第一篇农业机械的结构、原理,论述农业机械的一般构造、工作过程、作用原理。第二篇农业机械的设计、试验,论述农业机械的设计构思、计算方法;农机试验方法、仪器与数据处理等。 | |
| 606 | 0 | @a农业机械@x高等学校@j教材 |
| 690 | @aS22@v5 | |
| 701 | 0 | @a李宝筏@9li bao fa@4主编 |
| 801 | 0 | @aCN@b江苏凤凰@c20191020 |
| 905 | @b1213289-91@dS22@e59=2@f3 | |
| 农业机械学/李宝筏主编.-2版.-北京:中国农业出版社,2018 |
| 10,473页:图;26cm |
| 普通高等教育农业部“十二五”规划教材 全国高等农林院校“十二五”规划教材 全国高等农业院校优秀教材 辽宁省精品教材 中国农业教育在线数字课程配套教材 |
| ISBN 978-7-109-23840-4:CNY59.50 |
| 本书分两篇:第一篇农业机械的结构、原理,论述农业机械的一般构造、工作过程、作用原理。第二篇农业机械的设计、试验,论述农业机械的设计构思、计算方法;农机试验方法、仪器与数据处理等。 |
| ● |
| 相关链接 |
|
|
|
|
正题名:农业机械学
索取号:S22/59=2
 
预约/预借
| 序号 | 登录号 | 条形码 | 馆藏地/架位号 | 状态 | 备注 |
| 1 | 1213289 | 212132896 | 第二样本阅览室/ [索取号:S22/59=2] | 在馆 | |
| 2 | 1213290 | 212132903 | 第三借阅区/ [索取号:S22/59=2] | 在馆 | |
| 3 | 1213291 | 212132912 | 第三借阅区/ [索取号:S22/59=2] | 在馆 |